Безопасность жизнедеятельности: учебник для вузов

Bibliographische Detailangaben
1. Verfasser: Лобачев А. И. Анатолий Иванович
Zusammenfassung:Учебник посвящен актуальным проблемам оценки и обеспечения безопасности жизнедеятельности человека и общества на различных структурных уровнях системной организации. Международная, экологическая, информационная и личная безопасность выступают в виде взаимосвязанных элементов общей системы безопасности, требующей своей оптимизации с точки зрения достижения максимальной эффективности жизнедеятельности человека. Для студентов вузов, преподавателей и аспирантов, а также для всех, кого интересуют различные аспекты безопасности в современном постиндустриальном мире.
Sprache:Russisch
Veröffentlicht: Москва, Юрайт-Издат, 2006
Schriftenreihe:Кристалл знаний
Schlagworte:
Format: MixedMaterials Buch
KOHA link:https://koha.lib.tpu.ru/cgi-bin/koha/opac-detail.pl?biblionumber=120461

MARC

LEADER 00000nam0a2200000 4500
001 120461
005 20231031125020.0
010 |a 5948792854 
035 |a (RuTPU)RU\TPU\book\130437 
035 |a RU\TPU\book\152699 
090 |a 120461 
100 |a 20080715d2006 m y0rusy50 ca 
101 0 |a rus 
102 |a RU 
105 |a a j 001zy 
200 1 |a Безопасность жизнедеятельности  |e учебник для вузов  |f А. И. Лобачев 
210 |a Москва  |c Юрайт-Издат  |d 2006 
215 |a 360 с.  |c ил. 
225 1 |a Кристалл знаний 
320 |a Библиогр.: с. 358-360. 
330 |a Учебник посвящен актуальным проблемам оценки и обеспечения безопасности жизнедеятельности человека и общества на различных структурных уровнях системной организации. Международная, экологическая, информационная и личная безопасность выступают в виде взаимосвязанных элементов общей системы безопасности, требующей своей оптимизации с точки зрения достижения максимальной эффективности жизнедеятельности человека. Для студентов вузов, преподавателей и аспирантов, а также для всех, кого интересуют различные аспекты безопасности в современном постиндустриальном мире. 
451 1 |0 (RuTPU)RU\TPU\book\152699  |y 978-5-9692-0235-1  |t Безопасность жизнедеятельности  |o учебник  |f А. И. Лобачев  |e 2-е изд., испр. и доп.  |c М.  |n Высшее образование  |d 2008  |p 367 с.  |s Высшее образование: основы наук  |a Лобачев, Анатолий Иванович 
610 1 |a безопасность жизнедеятельности 
610 1 |a жизнедеятельность 
610 1 |a структурные уровни 
610 1 |a человек 
610 1 |a среда обитания 
610 1 |a техносфера 
610 1 |a негативные факторы 
610 1 |a силовые факторы 
610 1 |a электромагнитные факторы 
610 1 |a ионизирующие факторы 
610 1 |a химические факторы 
610 1 |a загрязняющие факторы 
610 1 |a пожаровзрывоопасные факторы 
610 1 |a опасные факторы 
610 1 |a вредные факторы 
610 1 |a акустические воздействия 
610 1 |a вибрационные воздействия 
610 1 |a электромагнитные воздействия 
610 1 |a ионизирующие воздействия 
610 1 |a технические системы 
610 1 |a надежность 
610 1 |a чрезвычайные ситуации 
610 1 |a население 
610 1 |a защита 
610 1 |a землетрясения 
610 1 |a наводнения 
610 1 |a эпидемии 
610 1 |a радиоактивные вещества 
610 1 |a выброс 
610 1 |a экология 
610 1 |a экономический аспект 
610 1 |a международные аспекты 
610 1 |a учебники 
675 |a 614.8(075.8)  |v 3 
700 1 |a Лобачев  |b А. И.  |g Анатолий Иванович 
801 1 |a RU  |b 63413507  |c 20070829  |g PSBO 
801 2 |a RU  |b 63413507  |c 20220518  |g PSBO 
942 |c BK